| 000 | 01709nam a2200217Ia 4500 | ||
|---|---|---|---|
| 003 | Ost | ||
| 005 | 20260416102355.0 | ||
| 008 | 260416s9999||||xx |||||||||||||| ||und|| | ||
| 040 | _cfsecg | ||
| 041 | _aara | ||
| 082 | _a350.996 | ||
| 100 |
_aخالفي، وهيبة _eمؤلف |
||
| 245 | 0 |
_aالفساد وأخلاقيات العمل / _c وهيبة خالفي |
|
| 260 |
_aالجزائر _bجامعة الجزائر3: كلية العلوم الإقتصادية، العلوم التجارية وعلوم التسيير _c2020 |
||
| 300 |
_a55 ورقة _bايضاحات _c30 سم |
||
| 520 | _aماهية الفساد و خصائصه و انواعه و أسبابه و أشكال و صور الفساد و جهود مكافحة غسيل الاموال على الصعيد العربي و أثار الفساد و مؤشراته و آليات الحد منه و جهود مكافحته و الدين الاسلامي و مكافحته للفساد كما تم التطرق الى مفهوم الأخلاق و الأخلاق من المنظور الاسلامي و أنواع و أهمية الأخلاق و مصادر الخلق الحسن و ماهية أخلاق العمل و مفهوم العمل و الفرق بين العمل و المهنة و مظاهر اكتياب أخلاقيات العمل و التدرب على هذه الأخلاقيات و أخيرا الاخلاقيات المطلوبة في العامل و صاحب العمل. | ||
| 653 | _aالاخلاق المهنية | ||
| 653 | _aالفساد | ||
| 710 |
_aجامعة الجزائر3: كلية العلوم الإقتصادية، العلوم التجارية وعلوم التسيير _eناشر علمي |
||
| 942 | _cHANDOUT | ||
| 999 |
_c41183 _d41183 |
||